[Event "Vinnytsia Winter IM"]
[Site "Vinnytsia"]
[Date "2022.01.06"]
[Round "7"]
[White "Domalchuk Jonasson, Aleksandr"]
[Black "Muha, Sergey"]
[Result "1-0"]
[WhiteElo "2137"]
[BlackElo "2219"]
[PlyCount "37"]
[EventDate "2022.01.02"]
[EventType "tourn"]
[EventRounds "9"]
[EventCountry "UKR"]
[SourceTitle "EXT 2023"]
[Source "ChessBase"]
[SourceDate "2022.10.05"]
[SourceVersion "1"]
[SourceVersionDate "2022.10.05"]
[SourceQuality "1"]

1. d4 Nf6 2. c4 e6 3. Nc3 Bb4 4. e3 0-0 5. Nf3 d5 6. Bd3 c5 7. 0-0 cxd4 8. exd4 dxc4 9. Bxc4 b6 10. Qb3 Bxc3 11. bxc3 Bb7 12. Ba3 Re8 13. Ne5 a6 14. Rfe1 Bd5 15. Bxd5 exd5 16. Rab1 Re6 17. f4 Ne4 18. Rxe4 dxe4 19. Nxf7 1-0

[Event "Vinnytsia Winter IM"]
[Site "Vinnytsia"]
[Date "2022.01.03"]
[Round "3"]
[White "Muha, Sergey"]
[Black "Bykovskiy, Oleg"]
[Result "1-0"]
[WhiteElo "2219"]
[BlackElo "2199"]
[PlyCount "51"]
[EventDate "2022.01.02"]
[EventType "tourn"]
[EventRounds "9"]
[EventCountry "UKR"]
[SourceTitle "EXT 2023"]
[Source "ChessBase"]
[SourceDate "2022.10.05"]
[SourceVersion "1"]
[SourceVersionDate "2022.10.05"]
[SourceQuality "1"]

1. d4 Nf6 2. c4 Nc6 3. Nf3 d6 4. Nc3 e5 5. d5 Ne7 6. e4 Ng6 7. g3 Be7 8. Bg2 0-0 9. 0-0 c6 10. Ne1 cxd5 11. cxd5 b6 12. Nd3 a5 13. b4 Ba6 14. b5 Bc8 15. Bb2 Nd7 16. Na4 Nc5 17. Ndxc5 bxc5 18. Nc3 f5 19. exf5 Bxf5 20. a4 Qd7 21. Qe2 Bg4 22. Qc4 Bf3 23. Ne4 Nh4 24. Bxf3 Nxf3+ 25. Kg2 Qg4 26. Nf6+ 1-0

[Event "Vinnytsia IM"]
[Site "Vinnytsia"]
[Date "2021.10.27"]
[Round "2"]
[White "Anwesh, Upadhyaya"]
[Black "Muha, Sergey"]
[Result "1/2-1/2"]
[WhiteElo "2358"]
[BlackElo "2176"]
[PlyCount "34"]
[EventDate "2021.10.26"]
[EventType "tourn"]
[EventRounds "9"]
[EventCountry "UKR"]
[EventCategory "3"]
[SourceTitle "CBM 204 Extra"]
[Source "ChessBase"]
[SourceDate "2021.11.30"]
[SourceVersion "1"]
[SourceVersionDate "2021.11.30"]
[SourceQuality "1"]

1. e4 e5 2. Nf3 Nc6 3. Nc3 Nf6 4. d4 exd4 5. Nxd4 Bb4 6. Nxc6 bxc6 7. Bd3 0-0 8. 0-0 d5 9. exd5 Bg4 10. f3 Bh5 11. dxc6 Qd4+ 12. Kh1 Bxc3 13. bxc3 Qxc3 14. Rb1 Bg6 15. Bb2 Qxc6 16. Bxf6 Qxf6 17. Bxg6 Qxg6 1/2-1/2

[Event "Vinnytsia Summer IM"]
[Site "Vinnytsia"]
[Date "2021.08.02"]
[Round "1"]
[White "Muha, Sergey"]
[Black "Ceres, Dragos"]
[Result "0-1"]
[WhiteElo "2147"]
[BlackElo "2302"]
[PlyCount "62"]
[EventDate "2021.08.02"]
[EventType "tourn"]
[EventRounds "9"]
[EventCountry "UKR"]
[SourceTitle "CBM 203 Extra"]
[Source "ChessBase"]
[SourceDate "2021.09.30"]
[SourceVersion "1"]
[SourceVersionDate "2021.09.30"]
[SourceQuality "1"]

1. d4 Nf6 2. c4 e6 3. Nc3 Bb4 4. Qc2 0-0 5. e4 d5 6. e5 Ne4 7. a3 Bxc3+ 8. bxc3 c5 9. Bd3 cxd4 10. cxd4 Nc6 11. Ne2 Qa5+ 12. Kf1 f6 13. Bxe4 dxe4 14. exf6 Rxf6 15. Be3 Qa6 16. Kg1 Na5 17. Rc1 Bd7 18. Ng3 Rc8 19. c5 Bc6 20. h4 Bd5 21. h5 Nc4 22. Nxe4 Rf5 23. Qd3 Rcf8 24. Nd6 Nxe3 25. Qxe3 Rxf2 26. Qxf2 Rxf2 27. Kxf2 Qxa3 28. Ra1 Qb2+ 29. Ke3 a6 30. Ra3 Qc3+ 31. Ke2 Qxd4 0-1

[Event "Chernivtsi op"]
[Site "Chernivtsi"]
[Date "2021.07.23"]
[Round "7"]
[White "Muha, Sergey"]
[Black "Padalka, Artem"]
[Result "1/2-1/2"]
[WhiteElo "2231"]
[BlackElo "2203"]
[PlyCount "87"]
[EventDate "2021.07.20"]
[EventType "swiss"]
[EventRounds "9"]
[EventCountry "UKR"]
[SourceTitle "CBM 203 Extra"]
[Source "ChessBase"]
[SourceDate "2021.09.30"]
[SourceVersion "1"]
[SourceVersionDate "2021.09.30"]
[SourceQuality "1"]

1. d4 Nf6 2. c4 c5 3. d5 e6 4. Nc3 exd5 5. cxd5 d6 6. e4 g6 7. f4 Bg7 8. Bb5+ Nfd7 9. Nf3 a6 10. Bd3 b5 11. 0-0 0-0 12. a3 Nb6 13. f5 b4 14. axb4 cxb4 15. Ne2 N8d7 16. Ned4 Nc5 17. Nc6 Qd7 18. Nfd4 Re8 19. f6 Bf8 20. Ne7+ Bxe7 21. fxe7 Nxd3 22. Qxd3 Qxe7 23. Qf3 Bd7 24. b3 f6 25. Bb2 Rf8 26. Nc6 Qe8 27. Nxb4 Bb5 28. Rf2 Nd7 29. Rd2 Ne5 30. Qg3 a5 31. Nc2 a4 32. Nd4 Bd7 33. Nc6 Bxc6 34. dxc6 Qxc6 35. bxa4 Qxe4 36. Rxd6 Nc4 37. Rd4 Qe3+ 38. Qxe3 Nxe3 39. Re4 Nd5 40. Rd4 Ra5 41. Bc1 Nc3 42. Rc4 Ne2+ 43. Kf2 Nxc1 44. Raxc1 1/2-1/2

[Event "Chernivtsi op"]
[Site "Chernivtsi"]
[Date "2021.07.20"]
[Round "1"]
[White "Novichenko, Oleksandr"]
[Black "Muha, Sergey"]
[Result "0-1"]
[WhiteElo "1734"]
[BlackElo "2231"]
[PlyCount "148"]
[EventDate "2021.07.20"]
[EventType "swiss"]
[EventRounds "9"]
[EventCountry "UKR"]
[SourceTitle "CBM 203 Extra"]
[Source "ChessBase"]
[SourceDate "2021.09.30"]
[SourceVersion "1"]
[SourceVersionDate "2021.09.30"]
[SourceQuality "1"]

1. Nf3 c5 2. c4 Nf6 3. Nc3 d5 4. cxd5 Nxd5 5. Qb3 Nc7 6. e3 Nc6 7. Bb5 Nxb5 8. Qxb5 e6 9. d4 a6 10. Qa4 Bd7 11. dxc5 Bxc5 12. Qd1 0-0 13. 0-0 Qc7 14. a3 Rfd8 15. Qc2 Be7 16. b4 Rac8 17. Bb2 Na7 18. Qb3 Bf6 19. Rac1 Bc6 20. Ne4 Bxb2 21. Qxb2 Qe7 22. Ng3 Nb5 23. Rc2 Bxf3 24. Rxc8 Rxc8 25. gxf3 Nd6 26. Rd1 Nc4 27. Qc3 b5 28. f4 Qb7 29. Qd4 Qc7 30. Rd3 e5 31. Qd5 exf4 32. exf4 Nxa3 33. Nf5 Nc2 34. Qe4 Kf8 35. Ne3 Nxe3 36. Rxe3 g6 37. h4 Qd7 38. Qe5 Kg8 39. h5 Qd1+ 40. Kg2 Qxh5 41. Qxh5 gxh5 42. Ra3 Rc6 43. Rg3+ Kf8 44. Ra3 Kg7 45. Kg3 Kg6 46. Rd3 f6 47. Rd7 Rc3+ 48. f3 Rc4 49. Rd6 Rxb4 50. Rxa6 h4+ 51. Kxh4 Rxf4+ 52. Kg3 Rb4 53. Ra7 h5 54. Ra8 h4+ 55. Kh3 Rf4 56. Rg8+ Kf5 57. Rb8 Rxf3+ 58. Kxh4 Rb3 59. Rb6 Rb1 60. Kg3 b4 61. Kf3 b3 62. Rb5+ Kg6 63. Rb7 b2 64. Kg2 Kg5 65. Rb4 f5 66. Rb8 Kf4 67. Rb3 Ke4 68. Rb4+ Ke3 69. Rb8 f4 70. Re8+ Kd4 71. Rd8+ Ke5 72. Re8+ Kd6 73. Rb8 f3+ 74. Kf2 Rh1 0-1

[Event "Titled Tuesday intern op 5th May"]
[Site "Chess.com INT"]
[Date "2020.05.05"]
[Round "1"]
[White "Le Hetet, Nicolas"]
[Black "Muha, Sergey"]
[Result "1-0"]
[WhiteElo "2393"]
[BlackElo "2222"]
[PlyCount "83"]
[EventDate "2020.05.05"]
[EventType "swiss (blitz)"]
[EventRounds "10"]
[EventCountry "USA"]
[SourceTitle "EXT 2021"]
[Source "ChessBase"]
[SourceDate "2020.10.23"]
[SourceVersion "1"]
[SourceVersionDate "2020.10.23"]
[SourceQuality "1"]

1. e4 c5 2. Nf3 e6 3. d4 cxd4 4. Nxd4 Nc6 5. Nc3 Qc7 6. Be3 a6 7. Qf3 Ne5 8. Qg3 h5 9. f4 h4 10. Qh3 Ng6 11. f5 Ne5 12. Be2 Nf6 13. 0-0 b5 14. a3 Bb7 15. Rad1 Nxe4 16. fxe6 dxe6 17. Nxe6 fxe6 18. Nxe4 Bxe4 19. Qxe6+ Qe7 20. Rd6 Bb7 21. Bg5 Qxe6 22. Rxe6+ Kd7 23. Rxe5 Bd6 24. Rf7+ Kc8 25. Bg4+ Kb8 26. Re2 Bc5+ 27. Kh1 h3 28. Bf4+ Ka7 29. Bf3 hxg2+ 30. Kxg2 Kb6 31. Rxb7+ Ka5 32. b4+ Bxb4 33. axb4+ Ka4 34. Bd2 Rac8 35. Ra7 Ka3 36. Rxa6+ Kb2 37. c3 Rhf8 38. Be1+ Kb3 39. Bd5+ Rc4 40. Bxc4+ bxc4 41. Raa2 g5 42. Reb2# 1-0

[Event "Titled Tuesday intern op 5th May"]
[Site "Chess.com INT"]
[Date "2020.05.05"]
[Round "10"]
[White "Sergeyev, Alexander"]
[Black "Muha, Sergey"]
[Result "1-0"]
[WhiteElo "2395"]
[BlackElo "2222"]
[PlyCount "29"]
[EventDate "2020.05.05"]
[EventType "swiss (blitz)"]
[EventRounds "10"]
[EventCountry "USA"]
[SourceTitle "CBM 196 Extra"]
[Source "ChessBase"]
[SourceDate "2020.07.31"]
[SourceVersion "1"]
[SourceVersionDate "2020.07.31"]
[SourceQuality "1"]

1. c4 c5 2. Nc3 Nc6 3. Nf3 e5 4. e3 f5 5. d4 e4 6. Nd2 cxd4 7. exd4 Nf6 8. Nb3 d5 9. Bg5 Be6 10. cxd5 Bxd5 11. Rc1 Bb4 12. Bb5 0-0 13. 0-0 Be7 14. Bxf6 Bxb3 15. Qxb3+ 1-0

[Event "Titled Tuesday intern op 28th Apr"]
[Site "Chess.com INT"]
[Date "2020.04.28"]
[Round "4"]
[White "Toczek, Grzegorz"]
[Black "Muha, Sergey"]
[Result "0-1"]
[WhiteElo "2271"]
[BlackElo "2222"]
[PlyCount "76"]
[EventDate "2020.04.28"]
[EventType "swiss (blitz)"]
[EventRounds "10"]
[EventCountry "USA"]
[SourceTitle "EXT 2021"]
[Source "ChessBase"]
[SourceDate "2020.10.23"]
[SourceVersion "1"]
[SourceVersionDate "2020.10.23"]
[SourceQuality "1"]

1. e4 c5 2. Nf3 e6 3. d4 cxd4 4. Nxd4 Nc6 5. Nb5 d6 6. c4 Nf6 7. N1c3 a6 8. Na3 Be7 9. Be3 0-0 10. Be2 b6 11. 0-0 Bb7 12. Qb3 Nd7 13. Rfd1 Qc7 14. Rd2 Nc5 15. Qd1 Ne5 16. f3 f5 17. exf5 Rxf5 18. Rc1 Raf8 19. Nc2 R5f6 20. Nd4 Rg6 21. Kh1 Ncd7 22. Ne4 Nc5 23. Ng3 Bh4 24. Nf1 Qe7 25. b4 Ncd7 26. Qb3 Bg5 27. Bd1 Bxe3 28. Qxe3 Qh4 29. c5 bxc5 30. bxc5 Nxc5 31. Rxc5 dxc5 32. Qxe5 cxd4 33. Rxd4 Qf2 34. Ng3 Bd5 35. Bc2 Rh6 36. Bb3 Bxb3 37. axb3 Qb2 38. Rd1 Qxe5 0-1

[Event "Titled Tuesday intern op 14th April"]
[Site "Chess.com INT"]
[Date "2020.04.14"]
[Round "3"]
[White "Muha, Sergey"]
[Black "Bartholomew, John"]
[Result "0-1"]
[WhiteElo "2222"]
[BlackElo "2446"]
[PlyCount "132"]
[EventDate "2020.04.14"]
[EventType "swiss (blitz)"]
[EventRounds "10"]
[EventCountry "USA"]
[SourceTitle "EXT 2021"]
[Source "ChessBase"]
[SourceDate "2020.10.23"]
[SourceVersion "1"]
[SourceVersionDate "2020.10.23"]
[SourceQuality "1"]

1. d4 d5 2. c4 c6 3. Nc3 Nf6 4. Nf3 dxc4 5. a4 Bf5 6. Nh4 e6 7. Nxf5 exf5 8. e3 Bb4 9. Bxc4 0-0 10. 0-0 Nbd7 11. Qb3 Qb6 12. Bd2 a5 13. Bd3 g6 14. Rfd1 Rfe8 15. Bc4 Re7 16. Qc2 Kg7 17. Ne2 Bxd2 18. Rxd2 Ne4 19. Rd3 Ndf6 20. Nf4 Rae8 21. Rad1 Nd6 22. Ba2 Ng4 23. h3 Nf6 24. Rc3 Nde4 25. Rc4 Nd5 26. Nd3 Nxf2 27. Qxf2 Nxe3 28. Rdc1 Nxc4 29. Bxc4 Re2 30. Qf4 R8e4 31. Qd6 Qxd4+ 32. Qxd4+ Rxd4 33. b3 Rd2 34. Nc5 Rf4 35. Nxb7 Rff2 36. Bf1 f4 37. Nxa5 f3 38. gxf3 Rxf3 39. Nxc6 Rg3+ 40. Kh1 Rxb3 41. a5 Ra3 42. a6 Raa2 43. a7 h5 44. Rb1 Rdc2 45. Rb8 Ra1 46. Kg1 Rcc1 47. a8Q Rxf1+ 48. Kg2 Rxa8 49. Rxa8 Rc1 50. Ra6 Rc5 51. Kf3 Rc3+ 52. Ke4 Rxh3 53. Nd4 Rh4+ 54. Ke5 Rg4 55. Ra8 h4 56. Ra7 Rg5+ 57. Ke4 Rg1 58. Ne6+ Kf6 59. Nf4 Rg3 60. Ra6+ Kg5 61. Ra1 f5+ 62. Ke5 Re3+ 63. Kd4 Kxf4 64. Rf1+ Rf3 65. Rg1 g5 66. Rh1 h3 0-1

[Event "Titled Tuesday intern op 3rd Jan"]
[Site "Chess.com INT"]
[Date "2019.12.03"]
[Round "8"]
[White "Prilleltensky, Matan"]
[Black "Muha, Sergey"]
[Result "0-1"]
[WhiteElo "2111"]
[BlackElo "2222"]
[PlyCount "78"]
[EventDate "2019.12.03"]
[EventType "swiss (blitz)"]
[EventRounds "10"]
[EventCountry "USA"]
[SourceTitle "EXT 2021"]
[Source "ChessBase"]
[SourceDate "2020.10.23"]
[SourceVersion "1"]
[SourceVersionDate "2020.10.23"]
[SourceQuality "1"]

1. d4 Nf6 2. c4 g6 3. Nc3 Bg7 4. e4 d6 5. Nge2 0-0 6. f3 c6 7. Be3 a6 8. h4 b5 9. h5 bxc4 10. hxg6 fxg6 11. Nf4 d5 12. Qd2 g5 13. Nh5 Nxh5 14. Rxh5 h6 15. 0-0-0 a5 16. Be2 Rf6 17. f4 gxf4 18. Bxf4 Qf8 19. Be5 e6 20. Bxf6 Qxf6 21. e5 Qg6 22. g4 a4 23. a3 c5 24. dxc5 Nc6 25. Nxd5 exd5 26. Qxd5+ Be6 27. Qxc6 Rc8 28. Qd6 Bf8 29. Qd2 c3 30. Qd3 cxb2+ 31. Kxb2 Rb8+ 32. Kc1 Qg7 33. Qc3 Qb7 34. Qc2 Kh8 35. Rdh1 Qg7 36. Rxh6+ Qxh6+ 37. Rxh6+ Bxh6+ 38. Kd1 Bb3 39. e6 Rd8+ 0-1